LEADER 01115nam a2200217 i 4500 001 000000256125 003 CaOOAMICUS 005 20171109000000.0 008 171109s1661 xx u000 u lat u 013 $a235033 026 $as.us usus i-ec ipom (3) 1661 (Q) 040 $aSeMil$bita 245 10$aOperum s. Ambrosii Mediolanensis episcopi, tomus quintus. 300 $a[4] c., 794 col., [19] p., 813-938 p., [34] p. ;$cfol. 500 $aTitolo dell'occhietto. - Segn.: ?4 A-2C6 2D-4H4 a-o4. - Lascito Card. C.M. Martini. 773 0 $aAmbrosius $tSancti Ambrosii mediolanensis Episcopi Opera. Ex editione romana Sacrae Scripturae contextum, ad faciliorem lectorum intelligentiam.$dLutetiae Parisiorum : Impensis Societatis Typographicae, librorum officij ecclesiastici iussu regis constitutae, 1661.$g5$w()6010 850 $aSeMil 852 $aSeMil$W1$xVenegono$y1$m3H VI 84 FA$j206471$B206471$CSeMilBibl$Z2$F219831 $8I 941 1 $a4 961 $aLascito: Martini Card. Carlo Maria 996 $6245$aOperum s. Ambrosii Mediolanensis episcopi, tomus quintus$9(OLS)http://semarc/title/412121 LEADER 00985nam a2200217 i 4500 001 000000229670 003 CaOOAMICUS 005 20140514000000.0 008 140514s1826 it u000 u ita u 013 $a208572 026 $an-un hero iodi dipa (3) 1826 (A) 040 $aSeMil$bita 245 10$aTomo 4. 300 $a384 p. 500 $aSegn. : A-Q12. 650 4$aBibbia. Nuovo Testamento. Lettere di Paolo - Commentari, studi, critica, interpretazioni.$0(OLS)http://semarc/subject/935 773 0 $aPicquigny, Bernardin : de <1633-1707>$tSpiegazione delle pistole di san Paolo con un'analisi che spiega l'ordine e la connessione del Testo; ... del rev. padre Bernardino de Picquigny ... Traduzione dal Francese. Tomo 1. [-4.].$dVenezia : Presso Sebastiano Valle, 1826.$g4$w()25834 850 $aSeMil 852 $aSeMil$W1$xVenegono$y1$m2V I 18 FA$j180016$B180016$CSeMilBibl$Z2$F191123 $8I 961 $aOmaggio: Deposito 996 $6245$aTomo 4$9(OLS)http://semarc/title/136909